Visualizzazione normale
Vista MARC
- Rolando Giuseppe
di Personal Name
Records bibliografici associati: 3
001 - CONTROL NUMBER
- control field: 40708
003 - CONTROL NUMBER IDENTIFIER
- control field: IT-RoPau
005 - DATE AND TIME OF LATEST TRANSACTION
- control field: 20151126154421.0
008 - FIXED-LENGTH DATA ELEMENTS
- fixed length control field: 151126|| aca||aabn | a|a d
040 ## - CATALOGING SOURCE
- Original cataloging agency: IT-RoPau
- Transcribing agency: IT-RoPau
100 ## - HEADING--PERSONAL NAME
- Personal name: Rolando Giuseppe
- Miscellaneous information: Codice regista SPICS: 38574
670 ## - SOURCE DATA FOUND
- Source citation: Work cat.: (IT-RoPau)105316: Rolando Giuseppe Codice regista SPICS: 38574, TECLA UNA VITA PER IL VANGELO TECLA UNA VITA PER IL VANGELO (Rif. Codice opera principale : D0235)